[Event "1st Guwahati GM Open 2022"]
[Site "Guwahati"]
[Date "2022.03.20"]
[Round "10.5"]
[White "Nitin, S.."]
[Black "Ratnakaran, K.."]
[Result "1-0"]
[WhiteElo "2427"]
[BlackElo "2316"]
[Annotator "TA"]
[PlyCount "79"]
[EventDate "2022.03.15"]
[EventCountry "IND"]
[SourceTitle "playchess.com"]
[Source "ChessBase"]
[SourceQuality "1"]

{[%evp 19,79,38,53,44,42,38,44,0,0,-41,-41,-32,-18,-9,-20,-16,-15,-25,0,0,9,9,159,153,152,151,162,154,177,168,161,208,193,202,299,233,487,500,701,666,651,643,600,516,519,512,472,418,1048,1030,1079,307,6686,6083,2393,2241,1620,1591,29987,29988,29991,12843]} 1. e4 e6 2. d4 d5 3. e5 c5 4. c3 Nc6 5. Nf3 Qb6 6. Be2 Bd7 7. O-O Nh6 8. Bxh6 gxh6 9. Qd2 Bg7 10. Na3 O-O 11. Nc2 {C02: French: Advance Variation.} f6 (11... Qxb2 $2 12. Rfb1 Qxa1 13. Nxa1 $18) 12. exf6 Rxf6 13. Ne3 (13. dxc5 $14 Qxc5 14. Ne3) 13... cxd4 $11 14. cxd4 (14. Nxd4 $11 Raf8 15. g3) 14... Raf8 $15 15. Ne5 Be8 (15... Qxd4 16. Qxd4 Nxd4 17. Nxd7 $14) 16. Nxc6 bxc6 17. g3 {To avoid Rf4} h5 {[%cal Oh5h4] [#] Inhibits Ng4.} 18. Rac1 $146 ({Predecessor:} 18. Kg2 Bg6 19. f4 R6f7 20. Rad1 a5 21. b3 Kh8 22. h4 a4 23. b4 a3 24. Nc2 {0-1 (32) Bonugli,C (2075)-Jurkovic,A (2320) Salsomaggiore Terme 1997}) 18... Bg6 19. b4 R6f7 20. Rc5 e5 {Black is now going downhill.} (20... h4 $11) 21. dxe5 $16 Bxe5 {[#]} 22. Nc4 {[%cal Be3c4,Bc4a5,Ba5c6][%mdl 544] Prevents Bd6.} Qb8 (22... dxc4 23. Rxe5) 23. Na5 Qe8 24. Nxc6 Bc7 {[#]} 25. Nd4 $1 ({Don't do} 25. Nxa7 $6 Bb6 26. Bb5 Qe4 $16) 25... Bb6 26. Rxd5 {aiming for Bc4.} h4 (26... Kh8 $142 27. Qc3 (27. Bxh5 Bxh5 28. Rxh5 Rd7 $16) 27... Rf6) 27. Bc4 ({Weaker is} 27. gxh4 Qe4 28. Rd6 Rg7 $17) ({Not} 27. Bd3 Rf6 $16) 27... hxg3 $2 (27... Kh8 28. Qc3 Rf6) 28. hxg3 $18 Kg7 29. Rd6 {Ne6+ is the strong threat.} Qe5 30. Bxf7 Kxf7 {[#]} 31. Rxb6 axb6 32. Re1 Qd5 33. Qc3 Be4 (33... Re8 $142) 34. f3 Bf5 35. Nc6 $2 (35. Nxf5 Qxf5 36. Re4) 35... Rg8 {To avoid Qg7+} (35... Re8) 36. Re7+ Kg6 37. Re5 {White wants to mate with Ne7+.} Qd1+ 38. Re1 Qd6 39. Ne7+ Kg5 40. Qe3+ {Weighted Error Value: White=0.31/Black=0.40} (40. f4+ $142 Kg4 41. Nxg8 Kh3 42. Qf3 Qd4+ 43. Kh1 Be4 44. Qxe4 Qd2 45. Qe6+ Kxg3 46. Rg1+ Kf3 47. Qh3+ Ke2 48. Rg2+ Kd1 49. Qf3+ Kc2 50. Qb3+ Kc1 51. Rg1+ Qe1 52. Qc3+ Kb1 53. Rxe1+ Kxa2 54. Ra1#) 1-0

[Event "1st Guwahati GM Open 2022"]
[Site "Guwahati"]
[Date "2022.03.20"]
[Round "10.6"]
[White "Deepan Chakkravarthy J."]
[Black "Saptarshi, Roy"]
[Result "1/2-1/2"]
[WhiteElo "2520"]
[BlackElo "2402"]
[Annotator "TA"]
[PlyCount "89"]
[EventDate "2022.03.15"]
[EventCountry "IND"]
[SourceTitle "playchess.com"]
[Source "ChessBase"]
[SourceQuality "1"]

{[%evp 18,89,37,21,43,57,73,44,43,29,39,50,36,10,31,19,19,12,70,45,37,37,44,25,24,21,21,12,15,17,20,0,0,0,0,0,0,0,0,0,0,0,5,4,13,6,16,0,0,0,16,10,16,0,4,4,4,4,0,5,63,0,0,0,0,0,0,0,0,0,0,0,0,0]} 1. d4 d5 2. Nf3 Nc6 3. c4 Bg4 4. cxd5 Bxf3 5. gxf3 Qxd5 6. e3 e5 7. Nc3 Bb4 8. Bd2 Bxc3 9. bxc3 Qd6 10. Rb1 Rb8 {D07: Queen's Gambit: Chigorin Defence.} 11. Rg1 g6 12. Qa4 (12. f4 $5 {[%cal Rf4e5]} exd4 13. cxd4 $14) 12... Nge7 {[#] White is slightly better.} 13. h4 $146 {[%cal Bh2h4,Bh4h5][%mdl 32]} ({Predecessor:} 13. dxe5) 13... O-O 14. h5 a6 15. Bd3 b5 {[%cal Bb7b5,Bb5b4][%mdl 32]} 16. Qc2 b4 17. hxg6 fxg6 (17... hxg6 $11 18. Rg4 Qf6) 18. Ke2 ({Inferior is} 18. Bxa6 bxc3 19. Bxc3 Rxb1+ 20. Qxb1 exd4 21. exd4 Rxf3 22. Qb3+ (22. Bc4+ Kf8 $17) 22... Kf8 $17) (18. cxb4 {keeps more tension.} exd4 19. f4 Kg7 20. a3 Nd5 21. Rc1) 18... bxc3 19. Rxb8 {The board is on fire.} Rxb8 {[#]} 20. dxe5 $1 Nxe5 21. Bxc3 {Be4 is the strong threat.} Qxd3+ 22. Qxd3 Nxd3 23. Kxd3 $14 {[%mdl 4096] Endgame KRB-KRN} Nd5 24. Ba1 Nb4+ 25. Kc4 Nxa2 26. Rd1 Rb4+ 27. Kc5 Rb5+ 28. Kc6 Nb4+ 29. Kxc7 Rc5+ 30. Kd6 Rc6+ 31. Ke7 {[%cal Rd1d8] [#]} Rc7+ 32. Ke6 {[%cal Rd1d8]} Rc6+ 33. Ke7 {[%cal Rd1d8]} Rc7+ 34. Kf6 {[%cal Rd1d8]} Rc6+ 35. Ke5 Rc5+ 36. Ke4 Rc4+ 37. Bd4 Kf7 38. Ra1 h5 ({Better is} 38... Nc2 $11 39. Rxa6 Nxd4 40. Ra7+ (40. exd4 h5 $11) 40... Kf6 41. exd4 h5) 39. f4 (39. Ra4 $1 $14) 39... Nc2 $11 {The position is equal.} 40. Rxa6 {And now Ra7+ would win.} Nxd4 41. Kd3 Rc2 {Strongly threatening ...Nc6.} 42. Kxd4 Rxf2 43. Ke5 Kg7 44. e4 h4 45. f5 {Weighted Error Value: White=0.06 (flawless) /Black=0.07 (flawless)} 1/2-1/2

[Event "1st Guwahati GM Open 2022"]
[Site "Guwahati"]
[Date "2022.03.20"]
[Round "10.7"]
[White "Stany, G.A."]
[Black "Karthikeyan, P.."]
[Result "1-0"]
[WhiteElo "2517"]
[BlackElo "2396"]
[Annotator "TA"]
[PlyCount "47"]
[EventDate "2022.03.15"]
[EventCountry "IND"]
[SourceTitle "playchess.com"]
[Source "ChessBase"]
[SourceQuality "1"]

{[%evp 11,47,24,50,0,0,6,0,2,54,50,38,8,9,24,10,19,11,20,21,27,20,29,161,96,133,56,163,185,158,183,224,223,219,197,287,294,285,273]} 1. e4 c5 2. Nf3 e6 3. d4 cxd4 4. Nxd4 Nc6 5. Nc3 Qc7 6. Be3 a6 (6... Nf6 {looks sharper.} 7. Be2 a6 8. a3 Be7 9. O-O O-O) 7. g4 {seems to push 7.Qd2 aside. B48: Sicilian: Taimanov: 5 Nc3 Qc7 6 Be3 a6 without Be2.} (7. a3 $14) 7... b5 $11 8. Nxc6 Qxc6 9. Qd2 {The position is equal.} Nf6 (9... b4 $11 10. Ne2 Qxe4) 10. f3 $14 h6 {[#]} 11. h4 $146 ({Predecessor:} 11. O-O-O Bb7 12. h4 b4 13. Ne2 e5 14. Bh3 O-O-O 15. g5 Ne8 16. Kb1 Nd6 17. Qd3 {1-0 (27) Van Foreest,J (2702)-Kezin,R (2494) Chess.com INT 2022}) 11... Bb7 12. Rg1 d5 13. g5 hxg5 14. hxg5 b4 15. Ne2 {[#] Strongly threatening Nd4.} Nd7 16. g6 $36 {[%mdl 2048] Hoping for gxf7+. White has good play.} e5 (16... f6 $1 $11 {and Black is okay.}) 17. gxf7+ $18 Kxf7 {[#]} 18. f4 (18. O-O-O $1 $16) 18... Nf6 (18... dxe4 $2 19. O-O-O Nc5 20. Kb1 $18) (18... d4 $14 19. Bf2 Rd8) 19. fxe5 Nxe4 20. Qd3 ({Wrong is} 20. Nd4 $2 Nxd2 21. Nxc6 Nf3+ 22. Kf2 Bxc6 $19) 20... Qc4 (20... a5 $142) 21. Qxc4 dxc4 22. O-O-O {aiming for Rd7+.} Bc5 (22... Ke8 {was called for.} 23. Nf4 c3) 23. Bxc5 ({Not} 23. Rd7+ Ke6 24. Bxc5 Kxd7 25. Bxb4 (25. Rxg7+ Ke6 $11) 25... Ke6 $11) 23... Nxc5 24. Nf4 {Weighted Error Value: White=0.09 (flawless) /Black=0.40} 1-0

[Event "1st Guwahati GM Open 2022"]
[Site "Guwahati"]
[Date "2022.03.20"]
[Round "10.8"]
[White "Iniyan, P."]
[Black "Sai Agni Jeevitesh, J."]
[Result "1-0"]
[WhiteElo "2516"]
[BlackElo "2316"]
[Annotator "TA"]
[PlyCount "237"]
[EventDate "2022.03.15"]
[EventCountry "IND"]
[SourceTitle "playchess.com"]
[Source "ChessBase"]
[SourceQuality "1"]

{[%evp 14,237,29,34,51,0,11,12,18,33,38,13,55,0,0,0,0,0,0,-71,-62,-60,-67,-58,-66,-61,-52,-36,0,0,0,-14,0,0,0,0,0,-4,0,0,0,0,0,0,0,0,35,35,35,26,20,21,37,21,28,11,20,4,32,36,72,77,96,8,8,8,8,8,8,8,8,8,8,8,8,8,8,8,8,8,8,8,8,8,8,8,8,8,8,8,8,8,8,8,8,8,8,8,8,8,8,8,8,8,8,8,8,8,8,8,8,8,58,8,8,8,8,8,11,8,11,8,11,8,8,8,8,8,8,0,0,0,14,11,21,28,58,58,58,58,58,58,58,43,58,58,58,58,58,0,58,58,58,58,58,58,58,58,58,58,58,58,58,8,8,8,58,58,58,58,58,58,58,58,58,58,58,17,58,58,58,58,58,58,58,58,58,58,58,58,58,58,58,58,58,58,58,58,58,58,58,58,58,58,29973,29974,29975,29976,29976,29974,29977,65,29978,29979,29981,29982,29982,29983,29984,29984,29985,29986,29986,29987,29987,29984]} 1. e4 c6 2. d4 d5 3. e5 Bf5 4. Nf3 e6 5. Be2 Nd7 6. O-O h6 7. b3 Ne7 8. c4 g5 {B12: Caro-Kann: Advance Variation.} 9. Be3 Bg7 10. Nc3 {[#]} f6 $146 {The position is equal.} ({Predecessor:} 10... O-O 11. cxd5 exd5 12. h4 g4 13. Ne1 h5 14. f3 f6 15. fxg4 hxg4 16. exf6 Nxf6 {0-1 (24) Valdes Escobar,A (2393)-Kropff,R (2298) Asuncion 2009}) 11. exf6 Bxf6 12. Re1 O-O 13. Rc1 (13. h3 $14) 13... Qe8 $1 $11 14. h3 Qf7 15. Nh2 Bg6 16. g4 (16. Bg4 $11 {remains equal.}) 16... Rad8 (16... Bh7 {feels hotter.}) 17. cxd5 $1 Nxd5 18. Nxd5 exd5 ({Don't play} 18... cxd5 19. Rc7 $14) 19. Bd3 Bxd3 (19... Be7 {with more complications.} 20. Bxg6 Qxg6 21. Qc2 Qf7 22. Nf1 Bd6) 20. Qxd3 Qh7 (20... Be7 {keeps more tension.} 21. h4 Rde8 22. hxg5 hxg5 23. f3 Kg7) 21. Qxh7+ Kxh7 22. Nf1 {[%cal Bh2f1,Bf1g3,Bg3h5,Bh5f4][%mdl 32]} Nb6 {[%cal Bd7b6,Bb6c8,Bc8d6][%mdl 32]} 23. Kg2 Nc8 24. f3 Nd6 25. a4 Rde8 26. Ng3 Kg6 27. Bf2 Bg7 28. Rcd1 a6 29. Nh5 Rxe1 30. Rxe1 {And now Re6+ would win.} Re8 {Inhibits Re6+.} 31. Rxe8 Nxe8 $14 {[%mdl 4096] Endgame KBN-KBN} 32. f4 gxf4 33. Nxf4+ Kf7 34. Nh5 Bf8 35. Kf3 b5 36. Nf4 Nc7 37. Nd3 Bd6 38. Bg3 (38. a5 $1 $16) 38... Bxg3 $11 39. Kxg3 {Hoping for Ne5+. KN-KN} Ne6 $1 40. Ne5+ Ke7 {Strongly threatening ...bxa4.} 41. Nxc6+ Kd6 42. Nb4 Nxd4 43. Nxa6 {Nb4 is the strong threat.} Nxb3 44. axb5 {Black must now prevent Kf4.} d4 $1 45. Kf2 {aiming for Ke2.} d3 46. b6 d2 $1 47. b7 d1=Q {( -> ...Qd4+)} 48. b8=Q+ Ke7 49. Qe5+ Kf7 50. Nc7 ({Don't take} 50. Qf4+ $6 Kg6 $16) 50... Qd4+ 51. Qxd4 Nxd4 {KN-KN} 52. Ke3 Nc6 53. Nd5 Kg6 54. h4 Ne5 55. Kf4 Nd3+ 56. Ke4 Nc5+ 57. Kd4 Nd7 58. Nf4+ Kf6 59. Kd5 Nb6+ 60. Kc5 Na4+ 61. Kd4 Nb2 62. Nd5+ Kg6 (62... Kf7 $11) 63. Nc3 (63. Ke4 $1 $14) 63... Kf6 64. Ne4+ Kg6 65. Nf2 Na4 66. Nd3 Nb6 67. Nf4+ Kf7 68. Nd5 Nd7 69. Ke4 Ke6 70. Nf4+ Kf6 71. Kd5 Nb6+ 72. Kc5 Na4+ 73. Kd6 Nb2 74. Nd5+ Kg7 75. Ke6 Nc4 {[%cal Oh6h5]} 76. Ne7 Nd2 {[%cal Oh6h5]} 77. Nf5+ Kg6 78. Nd4 Nc4 79. Nc6 {White threatens Ne5+ and mate.} Ne3 80. Ne5+ $1 Kg7 {[%cal Oh6h5]} 81. Ke7 ({Better is} 81. h5 $1 $14) 81... Ng2 (81... h5 $11) 82. h5 $1 $14 Nf4 83. Nf3 Nd5+ 84. Ke6 Ne3 85. Ne5 Nc2 86. Nc4 {To avoid Ne3} Nd4+ 87. Kd5 Nf3 88. Nd6 (88. Ke4 $1 $14 Ne1 89. Kf5) 88... Nh2 $11 89. Nf5+ Kh7 (89... Kf6 $11) 90. Ne3 $14 {White wants to mate with Ke4.} Nf3 91. Ke6 Ng5+ 92. Kf6 Ne4+ 93. Kf5 Nf2 94. Nd5 Kg7 95. Nf6 (95. Nc3 $14 {deserves consideration.}) 95... Nd1 (95... Kf7 $11) 96. Ne8+ Kh7 97. Ke6 {Kf7 would kill now.} Ne3 98. Nf6+ $1 Kg7 99. Ke7 Nc4 100. Nd5 {Inhibits Ne3.} Ne5 101. Ne3 Nc6+ 102. Kd6 Nd8 103. Nf5+ Kh7 $1 104. Ke7 Nb7 105. Kf7 Nd8+ 106. Kf6 Nc6 107. Ne7 Nb4 108. Ng6 Nd5+ $2 {[%mdl 8192]} (108... Nd3 $14 109. Nf8+ Kg8) 109. Kf7 Ne3 110. Ne5 Nd5 {[#]} 111. Nd7 $1 Ne3 {[#]} 112. Nf6+ $1 Kh8 113. Kg6 {White mates.} Nc4 114. Kxh6 Ne5 115. g5 {[%cal Bg4g5,Bg5g6][%mdl 32]} Nf7+ 116. Kg6 Ne5+ 117. Kf5 Nf7 118. g6 Nh6+ 119. Ke4 {Weighted Error Value: White=0.10 (very precise) /Black=0.04 (flawless)} 1-0

[Event "1st Guwahati GM Open 2022"]
[Site "Guwahati"]
[Date "2022.03.20"]
[Round "10.9"]
[White "Abdisalimov, Abdimalik"]
[Black "Karthik Venkataraman"]
[Result "0-1"]
[WhiteElo "2435"]
[BlackElo "2485"]
[Annotator "TA"]
[PlyCount "86"]
[EventDate "2022.03.15"]
[EventCountry "IND"]
[SourceTitle "playchess.com"]
[Source "ChessBase"]
[SourceQuality "1"]

{[%evp 10,86,68,53,64,44,58,34,57,50,62,32,33,12,20,0,0,0,0,0,12,5,52,43,62,31,38,-4,0,-2,2,0,36,31,48,-76,0,-33,-13,-16,-8,-43,-47,-39,-39,-33,-30,-29,-37,-31,-27,-225,-239,-241,-233,-244,-247,-218,-224,-270,-267,-266,-267,-555,-568,-559,-548,-548,-539,-530,-498,-529,-507,-573,-474,-471,-470,-469,-454]} 1. d4 Nf6 2. c4 c5 3. d5 g6 4. Nc3 Bg7 5. e4 d6 6. Nge2 h5 {[#] E70: King's Indian: Miscellaneous lines with 4 e4, including 5 Nge2 and 5 Bd3 0-0 6 Nge2.} 7. Bg5 $146 ({Predecessor:} 7. h3 Na6 8. Bg5 Nc7 9. a4 a6 10. Qd2 Rb8 11. Nc1 O-O 12. Be2 e6 13. O-O exd5 14. exd5 {0-1 (62) Gheorghiu,C (2283)-Storey,C (2220) Chess.com INT 2020}) 7... a6 {[%cal Ob7b5]} 8. a4 {Prevents b5.} Nbd7 {White is slightly better.} 9. Nc1 Ne5 10. Qd2 Nh7 11. Bh6 Bf6 12. Be2 g5 13. f4 gxf4 14. Bxf4 h4 15. O-O Rg8 (15... Qa5 $11) 16. Kh1 $14 Qa5 17. Qc2 Bd7 18. Rb1 (18. Nd3 $14) 18... Rg7 19. N1a2 Qc7 20. b4 cxb4 (20... h3 $5 {[%cal Rh3g2]} 21. g3 Ng4 $11) 21. Rxb4 Bg5 22. Bd2 (22. Bxe5 $14 {keeps the upper hand.} dxe5 23. c5) 22... Rd8 ({Better is} 22... Rb8 $17) 23. Nc1 {[%cal Oa4a5]} Nf6 24. Bxg5 Rxg5 25. Qd2 Rg6 26. Qe3 Bg4 27. Nb3 Bxe2 28. Nxe2 a5 ({But not} 28... Nxc4 29. Qa7 h3 30. Rc1 $14) 29. Rb5 Qxc4 {Hoping for ...Nfg4.} 30. Nxa5 $2 {Now White is beyond hope.} (30. Nd2 $11 {and White stays safe.} Qd3 31. Qxd3 Nxd3 32. Rxb7) 30... Qxa4 $19 31. Nc3 Qc2 {[%csl Gg6][%cal Rc2g2]} 32. Rf2 {[#]} Qd3 $40 {[%mdl 128] Black attacks with force.} 33. Qxd3 Nxd3 34. Rf3 Ne5 35. Rh3 Rc8 36. Rxb7 $2 {[#]} (36. Rb1) 36... Nxe4 $1 {[%mdl 512] aiming for ...Nf2+. Black is clearly winning.} 37. Rxh4 {Threatening mate with Rh8+.} Nf2+ 38. Kg1 {Intending Rh8+ and mate.} Nf3+ $1 39. Kxf2 {White wants to mate with Rh8+.} Nxh4 40. Nc6 Rxg2+ 41. Kf1 Rxh2 42. Rxe7+ Kf8 43. Rd7 Ra8 {Weighted Error Value: White=0.35/Black=0.11 (very precise)} 0-1

[Event "1st Guwahati GM Open 2022"]
[Site "Guwahati"]
[Date "2022.03.20"]
[Round "10.10"]
[White "Raahul V S"]
[Black "Divya Deshmukh"]
[Result "1-0"]
[WhiteElo "2478"]
[BlackElo "2301"]
[Annotator "TA"]
[PlyCount "117"]
[EventDate "2022.03.15"]
[EventCountry "IND"]
[SourceTitle "playchess.com"]
[Source "ChessBase"]
[SourceQuality "1"]

{[%evp 9,117,26,63,56,61,71,60,56,59,40,52,59,72,47,128,91,119,130,141,116,169,130,233,212,348,325,283,164,366,380,374,362,363,350,410,372,358,137,144,143,139,136,143,146,145,139,140,145,174,177,207,214,183,171,180,180,180,180,184,165,187,143,169,169,521,518,489,456,1041,994,1051,762,1000,986,928,875,949,968,1219,1187,1152,1110,948,637,729,1015,991,968,936,918,897,900,876,853,792,730,2963,2369,5035,4133,29979,29980,29980,29981,29979,29977,5957,5425,1795,1461]} 1. d4 d5 2. c4 dxc4 3. e4 b5 4. a4 c6 5. Nc3 Qb6 6. axb5 {D20: Queen's Gambit Accepted: 3 e3 and 3 e4.} cxb5 7. b3 e6 8. bxc4 {White is slightly better.} Bb4 9. Bd2 {aiming for c5.} bxc4 10. Bxc4 Ne7 11. Nf3 $36 {[%mdl 2048] [#] White has some pressure.} Bb7 $146 (11... O-O $14) ({Predecessor:} 11... O-O 12. O-O a5 13. d5 Ba6 14. Na4 Qd8 15. Bxa6 Rxa6 16. dxe6 Rxe6 17. Bxb4 axb4 18. Qxd8 Rxd8 {½-½ (34) So,W (2772)-Dominguez Perez,L (2752) Berlin 2022}) 12. Na4 $16 Bxd2+ 13. Qxd2 Qc7 14. Rc1 O-O (14... Bxe4 $16 15. Bxe6 Bc6) 15. Nc5 {[%cal Oc5e6]} Bc6 (15... Bc8 $16 16. O-O Qd8) 16. O-O Qd6 (16... Nd7 $142) 17. Ng5 $18 Nd7 {[#]} 18. Qc2 (18. Ncxe6 $142 $1 {[%mdl 512]} fxe6 19. Qd3) 18... g6 $2 {[#]} (18... Nxc5 $2 19. e5 Be4 20. exd6 $18) (18... Qxd4 {was worth a try.} 19. Ngxe6 (19. e5 Qh4 $11) 19... fxe6 20. Bxe6+ Kh8) 19. Ncxe6 $1 {[%mdl 512]} fxe6 20. Bxe6+ Kg7 21. d5 {Chess con chili.} Nf6 22. dxc6 h6 {[#]} 23. Rcd1 $2 Qxc6 $16 24. Qxc6 Nxc6 {[#]} 25. Bd5 $1 {White is more active.} hxg5 26. Bxc6 Rac8 27. Rd6 Rc7 28. f3 Rfc8 29. Ba4 Nh5 30. Rfd1 Nf4 31. Kf2 {Inhibits Ne2. Black must now prevent g3.} Rh8 32. h3 Rb8 33. R1d2 Rb6 34. e5 Re7 35. Rd7 (35. g3 $18 Ne6 36. R2d5) 35... Rbe6 36. g3 Nxh3+ (36... Nh5 {is tougher.} 37. R2d5 Kf8 38. Rxe7 Kxe7 39. Rd7+ Kf8) 37. Kg2 $18 {And now Rxe7+ would win.} g4 38. f4 {Hoping for Bb3.} Kh6 (38... Rxd7 $142 39. Bxd7 Re7 40. Bxg4 Ng5 41. fxg5 Rxe5 42. Rd7+ Kf8 43. Rxa7 Rxg5) 39. Bd1 Rxd7 40. Rxd7 {[%mdl 4096] Endgame KRB-KRN} Ng5 41. Bxg4 Re8 42. Rxa7 {Threatens to win with Bd7.} Ne4 43. Kf3 Nd2+ 44. Ke3 Nf1+ 45. Kf2 Nd2 46. Rd7 Nc4 47. e6 Nb6 48. Rf7 Nc8 49. Bh3 Nd6 50. Rd7 Ne4+ 51. Kf3 Nc5 52. Rd6 g5 53. Rc6 Nb3 54. Ke4 gxf4 55. gxf4 Nd2+ 56. Ke3 Nb3 57. Bf5 Re7 58. Be4 Na5 59. Rc5 {Weighted Error Value: White=0.26 (precise) /Black=0.45} 1-0

[Event "1st Guwahati GM Open 2022"]
[Site "Guwahati"]
[Date "2022.03.20"]
[Round "10.11"]
[White "Dhananjay S"]
[Black "Mirzoev, Azer"]
[Result "0-1"]
[WhiteElo "2310"]
[BlackElo "2468"]
[Annotator "TA"]
[PlyCount "76"]
[EventDate "2022.03.15"]
[EventCountry "IND"]
[SourceTitle "playchess.com"]
[Source "ChessBase"]
[SourceQuality "1"]

{[%evp 9,76,30,45,29,26,25,20,27,27,16,30,21,33,14,16,6,49,2,18,7,7,-10,-7,-44,-43,-44,-41,-46,-34,-77,-79,-77,-27,-114,-127,-136,-107,-146,-114,-142,-135,-214,-207,-191,-154,-154,-162,-151,-138,-353,-338,-358,-314,-500,-499,-497,-464,-496,-495,-470,-489,-529,-479,-551,-551,-551,-551,-747,-724]} 1. d4 d5 2. c4 c6 3. Nc3 Nf6 4. e3 a6 5. Nf3 g6 6. cxd5 {D15: Slav Defence: 4 Nc3 a6 and gambit lines after 4 Nc3 dxc4.} cxd5 7. Be2 Bg7 8. O-O {The position is equal.} O-O 9. Ne5 e6 10. Qb3 (10. f4 {keeps more tension.} b5 11. Bd2 Nbd7 12. Qb3 Nb6 13. a4) 10... Nbd7 11. Nxd7 Nxd7 12. Bd2 Qb6 (12... b6 $11) 13. Qc2 {[#]} (13. Na4 $14 Qxb3 14. axb3) 13... Qa7 $146 ({Predecessor:} 13... Qd6 14. a4 e5 15. e4 Qc7 16. Qb3 dxe4 17. Nxe4 exd4 18. Bb4 Rd8 19. Bd6 Qb6 {1-0 (34) Hansen,L (2575)-Bromann,T (2399) Aalborg 2007}) 14. Na4 b5 15. Nc3 Bb7 16. b4 e5 $1 17. dxe5 d4 18. exd4 Qxd4 19. e6 (19. a4 $15 {might be stronger.}) 19... fxe6 $17 20. Rad1 {[#]} Nb6 ({Better is} 20... Ne5 $1 $17 21. Be1 Qf4) 21. Qb3 (21. Qd3 $1 $11 {keeps the balance.}) 21... Nc4 22. Be1 {[#]} Qf4 $40 {[%cal Ob7g2][%mdl 128] Strongly threatening ...Bxg2! Black is out for blood.} 23. Rd3 Rad8 24. Rg3 Be5 {Black is much more active.} 25. Bxc4 (25. a4 $17 {was called for.}) 25... bxc4 $19 ({Stronger than} 25... Qxc4 26. Qxc4 bxc4 27. Re3 $17) 26. Qc2 Qf5 27. Qxf5 exf5 {[%cal Be6f5,Bf5f4][%mdl 32]} 28. Re3 Rfe8 29. Na4 $2 {This move loses the game for White.} (29. a4 $17) 29... f4 30. Ra3 Bc6 {White must now prevent ...Bxa4.} 31. Nc5 (31. Nc3 $142 f3 32. g4) 31... Bb2 {This bishop pair is nice. Black is clearly winning.} 32. Rh3 f3 33. gxf3 c3 34. Bxc3 Bxc3 35. Rc1 Bxb4 {Hoping for ...Ba3.} 36. Nxa6 Re1+ 37. Rxe1 Bxe1 38. Rh4 Bxf3 {Weighted Error Value: White=0.36/Black=0.11 (very precise)} 0-1

[Event "1st Guwahati GM Open 2022"]
[Site "Guwahati"]
[Date "2022.03.20"]
[Round "10.13"]
[White "Nigmatov, Ortik"]
[Black "Manish Anto Cristiano F"]
[Result "1-0"]
[WhiteElo "2445"]
[BlackElo "2236"]
[Annotator "TA"]
[PlyCount "127"]
[EventDate "2022.03.15"]
[EventCountry "IND"]
[SourceTitle "playchess.com"]
[Source "ChessBase"]
[SourceQuality "1"]

{[%evp 24,127,29,29,37,19,26,26,22,18,22,19,34,24,33,20,28,16,21,17,18,15,22,15,35,37,22,28,22,25,36,25,35,34,22,25,21,23,20,7,57,56,72,75,74,81,106,32,29,47,59,56,35,25,103,106,230,230,230,240,270,254,255,230,262,273,263,255,194,116,121,0,102,113,170,38,40,47,47,47,491,491,483,475,1552,1726,11977,10793,29959,29966,29978,29979,29982,29983,29983,29984,29993,29988,29986,29986,29988,29989,29989,29988,29988,29988]} 1. e4 c5 2. Nf3 d6 3. d4 cxd4 4. Nxd4 Nf6 5. Nc3 a6 6. Bg5 e6 7. f4 Be7 8. Qf3 Qc7 9. O-O-O Nbd7 10. g4 {[%cal Bg2g4,Bg4g5][%mdl 32]} b5 {[%cal Bb7b5,Bb5b4][%mdl 32]} 11. Bxf6 Nxf6 12. g5 Nd7 13. f5 O-O {B99: Sicilian Najdorf: 6 Bg5 e6 7 f4 Be7 8 Qf3 Qc7 9 0-0-0 Nbd7.} 14. Rg1 (14. f6 gxf6 15. gxf6 Nxf6 $17) 14... b4 $1 15. Nce2 e5 $1 {[#] White has an edge.} 16. f6 $1 exd4 17. fxe7 Re8 18. e5 (18. Rxd4 Ne5 19. Qe3 a5 $15) 18... Ra7 19. e6 ({Of course not} 19. Nxd4 Nxe5 20. Qf4 Qc5 $17) 19... fxe6 20. g6 {White threatens Qf7+ and mate. Chess con chili.} ({Much worse is} 20. Nxd4 Ne5 21. Qg3 Qb6 $15) 20... hxg6 21. Nf4 Ne5 22. Qg3 Qxe7 {[%cal Og6g5] White must now prevent ...g5!} (22... Rxe7 23. Nxg6 Rf7 24. Bd3 $16) 23. Nxg6 Qf6 24. Rxd4 Nxg6 {[#]} 25. Qxg6 $1 Qxg6 26. Rxg6 Rf8 27. Bd3 d5 28. Rxb4 {[#]} e5 $146 ({Predecessor:} 28... a5 29. Ra4 Bd7 30. Rag4 Bc8 31. Rg2 Rf4 32. R6g5 Re7 33. b3 Kf8 34. a4 Bb7 {½-½ (56) Bobarnac,D (2315)-Ristea,T (2363) ICCF email 2018}) 29. Rd6 e4 30. Be2 Rf2 {[%csl LRe2,LRh2]} 31. Kd1 {And now Rd8+ would win.} Rd7 {To avoid Rd8+} (31... Bf5 $1 $11) 32. Rc6 $14 Bb7 33. Rcb6 Bc8 34. Rb8 $1 $36 {[%mdl 2048] White is in control.} Rf8 35. Bg4 ({Better is} 35. Ra8 $16) 35... Rdd8 36. Rxc8 Rxc8 37. Bxc8 Rxc8 $11 {[%mdl 4096] Endgame KR-KR} 38. Rd4 e3 (38... Kf7 $11 {keeps the balance.}) 39. Rxd5 $16 {Hoping for Re5.} e2+ (39... Kf7 $16) 40. Kxe2 $18 (40. Ke1 $6 Rxc2 41. Rd2 Rc4 $16) 40... Rxc2+ 41. Rd2 Rc6 42. Kd3 $1 Kf7 43. Rc2 Rh6 44. Kc4 $1 Ke7 45. Kb4 {Ka5 is the strong threat.} Rh5 46. Rg2 (46. Rd2 $1 $18) 46... Kd8 $16 47. Rc2 ({Don't play} 47. Rxg7 Rxh2 48. Kc3 Kc8 $14) (47. Ka3 $16) 47... Kd7 (47... Ke7 $1 $11) 48. Ka4 Kd6 (48... Kd8 $16 {was worth a try.} 49. a3 Ke7) 49. b4 ({White should try} 49. Rg2 $18) 49... Kd7 $1 $14 50. a3 Rh3 51. Rg2 Kc6 $2 {[%mdl 8192]} (51... Kc7 $14) 52. Rg3 $1 $18 Rh5 {[#]} 53. h4 $1 Rxh4 {[#]} (53... Kb7 $142 54. Rxg7+ Kb8) 54. Ka5 $1 Rh7 55. Kxa6 {Threatening mate with b5+.} Kc7 56. b5 {[%cal Bb4b5,Bb5b6][%mdl 32] White mates.} Kb8 57. a4 {[%cal Ba3a4,Ba4a5,Ba5a6,Ba6a7][%mdl 32]} Rh6+ 58. b6 g6 59. a5 Ka8 60. Rg5 Kb8 61. Kb5 Kc8 62. a6 Rh1 63. Rc5+ Kd7 64. a7 {Weighted Error Value: White=0.10 (very precise) /Black=0.37} 1-0